000 01924nam a22001937a 4500
008 190724b xxu||||| |||| 00| 0 eng d
050 _aQP501.An7
245 _aAnnual review of biochemistry. /
_cedited by Charles C. Richardson et al
250 _avol 70 2001
260 _aCalifornia:
_bAnnual Reviews,
_c2001.
300 _aix,924p.:
_bill.:
_c23cm
500 _aincludes index, subject index
505 _aContents: Advancing our knowledge in biochemistry, genetics, and microbiology through studies on tryptophan metabolism -- DNA primases -- Histone acetyltransferases -- Radical mechanisms of enzymatic catalysis -- Channeling of substrates and intermediates enzyme - catalyzed reactions -- Divergent evolution of enzymatic function -- Mechanistically diverse superfamilies and functionally -- Pten and myotubularin:novel phosphoinositide phosphatases -- Regulation of phosphoinositide-specific phospholipase -- Design and selection of novel -- Peroxisome proliferator - activated receptor and metabolic disease -- DNA topoisomerases: structure, function and mechanism -- DNA topoisomerases: structure, function and mechanism -- Fidelity of aminoacyl-trna selection on ribosome -- Kinetic and structural mechanisms -- Analysis of proteins and proteomes by mass spectrometry -- Transcriptional coactivator complexes -- Mechanisms underlying ubiquitination -- Synthesis and function of 3 - phoshorylated inositol lipids -- Folding of newly translated proteins in vivo: the role of molecular chaperones -- Regulation of actin filament network formation through -- Function, structure and mechanism of intracelluler copper trafficking proteins -- The signal recognition particle -- Mechanisms of viral membrane fusion and its inhibition.
700 _aRichardson, Charles C.
700 _aAbelson, John N.
700 _aRaetz, Christian R.H.
700 _aThorner, Jeremy W.
942 _2lcc
_cBK
999 _c6795
_d14295